The group of eight (G8) - Statistics

General Stats
  • This quiz has been taken 211 times
  • The average score is 7 of 8
Answer Stats
Country % Correct
USA
95%
UK
92%
France
91%
Germany
89%
Japan
89%
Russia
83%
Canada
81%
Italy
78%
No matching quizzes found
Score Distribution
Percent of People with Each Score
Percentile by Number Answered
Your Score History
You have not taken this quiz